00345pab a2200121 454500008004000000100001900040245007000059260000900129300001500138362001200153650001400165773004400179180718b1962 xxu||||| |||| 00| 0 eng d aMaddick, Henry aControl, supervision, and guidance of Panchayati Raj institutions c1962 ap.500-511. aOct-Dec aPanchayat aIndian Journal of Public Administration